Internationalization of service firms (Record no. 144563)
[ view plain ]
| 000 -LEADER | |
|---|---|
| fixed length control field | 01150nam a2200289Ia 4500 |
| 245 00 - TITLE STATEMENT | |
| Title | Internationalization of service firms |
| 260 ## - PUBLICATION, DISTRIBUTION, ETC. (IMPRINT) | |
| Place of publication | Bradford : |
| Name of publisher | Emerald Group Press, |
| Year of publication | c2007. |
| 300 ## - PHYSICAL DESCRIPTION | |
| Number of Pages | 109 p. |
| 490 0# - SERIES STATEMENT | |
| Series statement | International journal of service industry management ; |
| 650 #0 - SUBJECT ADDED ENTRY--TOPICAL TERM | |
| Topical Term | Service industries |
| Topical Term | Globalization. |
| 700 1# - ADDED ENTRY--PERSONAL NAME | |
| Personal name | Altinay, Levent. |
| Personal name | Roper, Angela. |
| 856 40 - ELECTRONIC LOCATION AND ACCESS | |
| Uniform Resource Identifier | http://site.ebrary.com/lib/rucke/Doc?id=10185527 |
No items available.
